00526nam a2200157 i 450000100060000000300090000600500170001500700030003200800410003504000140007610000190009024501510010926000650026030000220032585200210034798660ES-MaACL20230906182336.0t|940202s1860 fr |||| | fre d aCAM bspa1 aEichhoff, F.G.10aPoésie héroique des indiens comparée áa l'épopée grecque et romaine avec analyse des poemes nationaux de l'Inde / cpar F.G. Eichhoff. aParis : bAuguste Durand, c1860 (eMeaux : fImp. A. Carro) a388 p. ; c23 cm. aES-MaACLjC-3273